000 00395cam a22001337a 4500
008 180718b1918 xxu||||| |||| 00| 0 eng d
082 _aB2 B241g c.2
100 _aBarker, Ernest
245 _aGreek political theory: plato and his predecessors
_cby Ernest Barker
260 _aLondon
_bMethuen
_c1918
300 _axiii, 403p
650 _aPolitical science --Greece --History.
650 _aPlato
999 _c419615
_d419615